00900nam a2200241Ia 450000500170000000800410001702000180005804100080007608200150008410000250009924500470012425000120017126000340018330000090021750000250022665000310025170000250028290600110030794200070031899900170032595201580034295201580050020230502193052.0230125s9999 xx 000 0 und d a9789353502225 aeng a004.1bRAG aRagsdale C T9118345 aSpreadsheet Modeling And Decision Analysis a8th Ed. c2019bCengage LearningaIndia a844p aBusiness Analytics  aBusiness Analytics9119133 aRagsdale C T9118345 b223.72 cBK c96373d96373 00104070aHIMRbHIMRd2020-02-28eForward Booksg799.00i11225l0o004.1 RAG B20087pHIMR-BK-20087r2023-01-25 00:00:00v575.28w2023-01-25yBKzB20087 00104070aHIMRbHIMRd2020-02-28eForward Booksg799.00i11225l0o004.1 RAG B20088pHIMR-BK-20088r2023-01-25 00:00:00v575.28w2023-01-25yBKzB20088